[Event "Imre Konig Memorial g/45"]
[Site "San Francisco"]
[Date "2006.04.15"]
[Round "3"]
[White "Salinas, Chad"]
[Black "Shah, Arnav"]
[Result "0-1"]
[WhiteElo "1944"]
[BlackElo "1792"]
[PlyCount "66"]
[EventDate "2006.04.15"]
[EventType "swiss (rapid)"]
[EventRounds "5"]
[EventCountry "USA"]
[SourceTitle "EXT 2007"]
[Source "ChessBase"]
[SourceDate "2006.11.23"]
[SourceVersion "1"]
[SourceVersionDate "2006.11.23"]
[SourceQuality "1"]

1. d4 f5 2. Nc3 Nf6 3. Bg5 Ne4 4. Bf4 g6 5. Nxe4 fxe4 6. Be5 Rg8 7. e3 Nc6 8. Bg3 d5 9. c4 e6 10. a3 Bd6 11. Ne2 Rf8 12. Nc3 Qf6 13. Qc2 Ne7 14. Bxd6 cxd6 15. Nb5 Kd7 16. 0-0-0 a6 17. Nc3 Kd8 18. Rd2 Bd7 19. Qb3 Bc6 20. h4 dxc4 21. Bxc4 d5 22. Bf1 Nf5 23. g3 Rc8 24. Kb1 Nd6 25. h5 Qf3 26. Rh2 g5 27. Bh3 g4 28. Bf1 Qf7 29. Be2 Rg8 30. Rh4 Qxf2 31. Qb4 Qxg3 32. Rxg4 Rxg4 33. Bxg4 Ke7 0-1

[Event "Calchess State Scholastics"]
[Site "Santa Clara"]
[Date "2004.03.21"]
[Round "5"]
[White "Shah, Arnav"]
[Black "Young, Jeffrey A"]
[Result "1/2-1/2"]
[WhiteElo "1604"]
[BlackElo "1308"]
[PlyCount "94"]
[EventDate "2004.03.20"]
[EventType "team-tourn"]
[EventRounds "6"]
[EventCountry "USA"]
[SourceTitle "EXT 2007"]
[Source "ChessBase"]
[SourceDate "2006.11.23"]
[SourceVersion "1"]
[SourceVersionDate "2006.11.23"]
[SourceQuality "1"]

1. e4 d5 2. exd5 Qxd5 3. Nc3 Qa5 4. d4 Nf6 5. Bd2 c6 6. Nf3 Bg4 7. Bc4 e6 8. 0-0 Nbd7 9. d5 Ne5 10. Ne2 Qc7 11. Nxe5 Qxe5 12. dxe6 Bxe6 13. Bxe6 Qxe6 14. Re1 Be7 15. Bb4 Qd7 16. Nc3 Qxd1 17. Raxd1 Ng8 18. Re2 Rd8 19. Rde1 Rd7 20. Na4 b6 21. Bxe7 Rxe7 22. Rxe7+ Nxe7 23. c4 Kd7 24. Rd1+ Kc7 25. Nc3 Rd8 26. Re1 Nf5 27. g4 Nd4 28. Kg2 Ne6 29. Kg3 Rd3+ 30. f3 Ng5 31. Rf1 Kd6 32. Rd1 Rxd1 33. Nxd1 Ne6 34. f4 f6 35. Kf3 g6 36. h4 Nc5 37. f5 Nd7 38. Kf4 Ke7 39. g5 Ne5 40. Ne3 Nd3+ 41. Ke4 Nc5+ 42. Kd4 Nd7 43. b4 Kd6 44. gxf6 Nxf6 45. c5+ Ke7 46. fxg6 hxg6 47. Nc4 Nd7 1/2-1/2

[Event "Calchess State Scholastics"]
[Site "Santa Clara"]
[Date "2004.03.21"]
[Round "6"]
[White "Stenmark, Teddy"]
[Black "Shah, Arnav"]
[Result "1-0"]
[WhiteElo "1285"]
[BlackElo "1604"]
[PlyCount "51"]
[EventDate "2004.03.20"]
[EventType "team-tourn"]
[EventRounds "6"]
[EventCountry "USA"]
[SourceTitle "EXT 2007"]
[Source "ChessBase"]
[SourceDate "2006.11.23"]
[SourceVersion "1"]
[SourceVersionDate "2006.11.23"]
[SourceQuality "1"]

1. e4 e5 2. Nf3 d6 3. Bc4 f5 4. d3 Nf6 5. Nc3 c6 6. 0-0 d5 7. Bb3 Bd6 8. exd5 cxd5 9. Bg5 e4 10. Re1 Be7 11. Bxf6 Bxf6 12. Nxd5 Be6 13. Nxf6+ Qxf6 14. dxe4 Bxb3 15. exf5+ Kf8 16. cxb3 Nc6 17. Qc2 g6 18. Qc5+ Kg7 19. fxg6 hxg6 20. Rac1 Rac8 21. Qd5 Rhd8 22. Qg5 Qd6 23. h3 Rd7 24. Nh4 Nd4 25. Rcd1 Rdc7 26. Nf5+ 1-0

[Event "Calchess State Scholastics"]
[Site "Santa Clara"]
[Date "2004.03.20"]
[Round "3"]
[White "Shah, Arnav"]
[Black "Calderon, Diego"]
[Result "1-0"]
[WhiteElo "1604"]
[BlackElo "1104"]
[PlyCount "53"]
[EventDate "2004.03.20"]
[EventType "team-tourn"]
[EventRounds "6"]
[EventCountry "USA"]
[SourceTitle "EXT 2007"]
[Source "ChessBase"]
[SourceDate "2006.11.23"]
[SourceVersion "1"]
[SourceVersionDate "2006.11.23"]
[SourceQuality "1"]

1. e4 d5 2. exd5 Qxd5 3. Nc3 Qd8 4. d4 Nf6 5. Nf3 e6 6. Bg5 Be7 7. Qd2 h6 8. Bh4 Nc6 9. Bb5 Bd7 10. 0-0-0 Bd6 11. Rhe1 Qe7 12. Nd5 Qd8 13. Nxf6+ gxf6 14. d5 Nb4 15. a3 Na6 16. dxe6 fxe6 17. Bxd7+ Qxd7 18. Bxf6 Rg8 19. Be5 0-0-0 20. Bxd6 Qxd6 21. Qxh6 Qc6 22. Nd4 Qc4 23. Qxe6+ Qxe6 24. Nxe6 Rxd1+ 25. Rxd1 b6 26. g3 Kb7 27. h4 1-0